000 00318nam a22001337a 4500
008 170303b xxu||||| |||| 00| 0 eng d
020 _a9780131710108
041 _aeng
080 _22ND
_a616.073
100 _a6
101 _aSHM
245 _aEXERCISES IN ORAL RADIOGRAPHY TECHNIQUES
_cTHOMSON, E.M
942 _2udc
_cBK
999 _c6663
_d6663